Institutional determinants of investment inflows into transition economies

Vzťah medzi kvalitou inštitúcií a objemom prítoku investícií do postkomunistických krajín. Ukazovatele Economic Freedom od Heritage Foundation a od Európskej Banky pre obnovu a rozvoj (EBRD). Použitie panelových dát v modeli s fixovanými efektmi.

Enregistré dans:
Détails bibliographiques
Auteur principal: Donu, Victoria
Autres auteurs: Janíčko, Martin
Format: Chapitre de livre
Langue:anglais
Sujets:
Tags: Ajouter un tag
Pas de tags, Soyez le premier à ajouter un tag!

MARC

LEADER 00000naa a2200000 4500
001 0213032
005 20231116110907.1
041 0 |a eng 
044 |a CZ 
245 1 0 |a Institutional determinants of investment inflows into transition economies  |c Victoria Donu, Martin Janíčko 
520 |a Vzťah medzi kvalitou inštitúcií a objemom prítoku investícií do postkomunistických krajín. Ukazovatele Economic Freedom od Heritage Foundation a od Európskej Banky pre obnovu a rozvoj (EBRD). Použitie panelových dát v modeli s fixovanými efektmi. 
610 2 0 |a investície priame zahraničné 
610 2 0 |a inštitúcia 
610 2 0 |a komunizmus 
610 2 0 |a krajiny tranzitívne 
610 2 0 |a Balkán 
610 2 0 |a Vyšehradská štvorka 
100 1 |a Donu, Victoria 
700 1 |a Janíčko, Martin